000
00290nam a22001217a 4500
041
_a
ENG
100
_a
Martin.J
245
_a
Introduction To Languages And The Theory Of Computation
260
_a
Delhi
_b
Tata McGraw-Hill
_c
1998
300
_a
543
650
_a
M.Tech
856
_u
M.Tech -(7)
999
_c
1009
_d
1009